[Event "Lichtenrader Herbst 2014"]
[Site "Berlin-Lichtenrade"]
[Date "2014.10.21"]
[Round "4.4"]
[White "Milanovic, Danilo"]
[Black "Lerch, Philipp"]
[Result "0-1"]
[WhiteElo "2485"]
[BlackElo "2297"]
[PlyCount "108"]
[EventDate "2014.??.??"]

1. Nf3 d5 2. c4 dxc4 3. e3 Nf6 4. Bxc4 e6 5. O-O c5 6. Qe2 a6 7. a4 Nc6 8. Rd1
Be7 9. d4 Qc7 10. Nbd2 O-O 11. b3 cxd4 12. exd4 Rd8 13. Bb2 Bd7 14. Rac1 Qb6
15. Bd3 Na5 16. Nc4 Nxc4 17. Bxc4 Bc6 18. Ne5 Bd5 19. Rc3 Bf8 20. Rh3 Rac8 21.
Bc1 Be4 22. Be3 Bf5 23. g4 Be4 24. f3 Bd5 25. g5 Nd7 26. Ng4 Bxc4 27. bxc4 Qb3
28. Rc1 Be7 29. f4 Nf8 30. Ne5 Qxa4 31. Qg2 Qb3 32. Rf1 Bd6 33. f5 Bxe5 34.
fxe6 Nxe6 35. Qg4 Bxh2+ 36. Kxh2 Qxc4 37. Rf2 Qd5 38. Rxh7 Qd6+ 39. Kg1 Nf8 40.
Rh3 Qg6 41. Qh4 f5 42. Qh8+ Kf7 43. Rhf3 Nh7 44. Rxf5+ Ke6 45. d5+ Kd6 46. Bf4+
Kc5 47. Be3+ Kc4 48. R5f4+ Kb3 49. R2f3 Rxh8 50. Bc5+ Kc2 51. Rc4+ Kd2 52. Rf2+
Kd3 53. Rd4+ Ke3 54. Ba7 b6 0-1

[Event "Lichtenrader Herbst 2014"]
[Site "Berlin-Lichtenrade"]
[Date "2014.10.21"]
[Round "4.5"]
[White "Kierzek, Matthias"]
[Black "Kovalev, Andrei"]
[Result "0-1"]
[WhiteElo "2224"]
[BlackElo "2475"]
[PlyCount "46"]
[EventDate "2014.??.??"]

1. d4 Nf6 2. c4 g6 3. Nc3 Bg7 4. e4 d6 5. Be2 O-O 6. Bg5 Na6 7. f4 c6 8. Qd2
Nc7 9. Bf3 d5 10. e5 Ne4 11. Bxe4 dxe4 12. Nxe4 f6 13. Bh4 fxe5 14. fxe5 Bf5
15. Nd6 Be6 16. Nxb7 Bxc4 17. O-O-O Qd5 18. Bxe7 Bxa2 19. Bxf8 Rxf8 20. Nd6 Ne6
21. Nf3 Nf4 22. Ng5 Bxe5 23. Ndf7 Qc4+ 0-1

[Event "Lichtenrader Herbst 2014"]
[Site "Berlin-Lichtenrade"]
[Date "2014.10.21"]
[Round "4.6"]
[White "Kurayan, Ruslan"]
[Black "Gressmann, Moritz"]
[Result "1-0"]
[WhiteElo "2404"]
[BlackElo "1977"]
[PlyCount "77"]
[EventDate "2014.??.??"]

1. e4 e5 2. Nf3 Nc6 3. d4 exd4 4. Nxd4 Bc5 5. Be3 Qf6 6. c3 Nge7 7. Bc4 Ne5 8.
Be2 Qg6 9. O-O d6 10. Kh1 O-O 11. Nd2 Ng4 12. Bxg4 Bxg4 13. f3 Bd7 14. f4 Bg4
15. Qb3 Bb6 16. f5 Qh5 17. f6 Ng6 18. fxg7 Kxg7 19. a4 Rab8 20. a5 Bc5 21. Nf5+
Bxf5 22. Bxc5 Be6 23. Bd4+ Ne5 24. c4 c5 25. Qg3+ Kh8 26. Bc3 f6 27. b3 Rf7 28.
Nf3 Rg8 29. Qf2 Ng4 30. Qd2 Qg6 31. Rae1 Ne5 32. Nh4 Qh5 33. Qxd6 Qxh4 34. Bxe5
Qg4 35. Bg3 Rd7 36. Qxc5 Rg5 37. Qf8+ Bg8 38. Qxf6+ Rdg7 39. Rf4 1-0

[Event "Lichtenrader Herbst 2014"]
[Site "Berlin-Lichtenrade"]
[Date "2014.10.21"]
[Round "4.7"]
[White "Halfhide, Sebastian"]
[Black "Kalinitschew, Sergey"]
[Result "0-1"]
[WhiteElo "2083"]
[BlackElo "2389"]
[PlyCount "98"]
[EventDate "2014.??.??"]

1. e4 c5 2. Nf3 g6 3. d4 Bg7 4. c3 Qc7 5. Be3 d6 6. Nbd2 Nf6 7. Bd3 O-O 8. O-O
e5 9. h3 Nh5 10. Re1 b6 11. Nf1 Nc6 12. dxe5 dxe5 13. Qc2 Na5 14. N3d2 c4 15.
Be2 Nf4 16. Bxf4 exf4 17. Nf3 Bb7 18. Nd4 Rad8 19. Rad1 Qc5 20. Nh2 Bxd4 21.
cxd4 Rxd4 22. Ng4 Rfd8 23. Qc3 Kg7 24. Bf3 h5 25. Ne3 f6 26. Nd5 Nc6 27. Nxf4
Qe5 28. Nd5 Rxd1 29. Rxd1 Qxc3 30. Nxc3 Rxd1+ 31. Bxd1 Nd4 32. f3 b5 33. Kf2 b4
34. Ne2 Nxe2 35. Bxe2 c3 36. bxc3 bxc3 37. Ke3 h4 38. Bc4 Kh6 39. Kd3 Kg5 40.
Kxc3 Kf4 41. Kd4 Kg3 42. Be6 Ba6 43. Bf7 Bf1 44. Bxg6 Bxg2 45. Bf5 Kxf3 46. Kd5
Kf4 47. Ke6 Bxe4 48. Bxe4 Kxe4 49. Kxf6 Kf4 0-1

[Event "Lichtenrader Herbst 2014"]
[Site "Berlin-Lichtenrade"]
[Date "2014.10.21"]
[Round "4.8"]
[White "Bach, Markus"]
[Black "Parligras, Cosmin"]
[Result "0-1"]
[WhiteElo "2087"]
[BlackElo "2261"]
[PlyCount "80"]
[EventDate "2014.??.??"]

1. d4 d5 2. Nf3 Nf6 3. Bf4 c5 4. c3 e6 5. e3 Nc6 6. Nbd2 Bd6 7. Bg3 Bxg3 8.
hxg3 Qd6 9. Bd3 e5 10. dxe5 Nxe5 11. Nxe5 Qxe5 12. Bb5+ Kf8 13. Nf3 Qe7 14. Qe2
g6 15. Bd3 Kg7 16. c4 Bg4 17. cxd5 Nxd5 18. a3 a6 19. e4 Nc7 20. Qe3 h6 21. Ng1
Rad8 22. Rc1 Qe5 23. Be2 Bxe2 24. Nxe2 Qxb2 25. Rxc5 Nb5 26. O-O Qxa3 27. Qxa3
Nxa3 28. Rc7 Rb8 29. Nd4 Rhc8 30. Rfc1 Rxc7 31. Rxc7 b5 32. Nc6 Rb6 33. e5 a5
34. e6 Rxc6 35. Rxc6 fxe6 36. Rxe6 b4 37. Kf1 b3 38. Rb6 a4 39. Ke1 Nc4 40.
Rb7+ Kf6 0-1

[Event "Lichtenrader Herbst 2014"]
[Site "Berlin-Lichtenrade"]
[Date "2014.10.21"]
[Round "4.9"]
[White "Triebus, Bruno"]
[Black "Stigar, Petter"]
[Result "0-1"]
[WhiteElo "1964"]
[BlackElo "2225"]
[PlyCount "92"]
[EventDate "2014.??.??"]

1. d4 d5 2. Bg5 h6 3. Bh4 c6 4. e3 Qb6 5. Qc1 Bf5 6. Nd2 e6 7. Ngf3 Be7 8. Bxe7
Nxe7 9. Ne5 f6 10. Nd3 Nd7 11. c4 O-O 12. c5 Qc7 13. Be2 e5 14. O-O Ng6 15. Re1
Rfe8 16. Qc3 Ndf8 17. g3 Re7 18. Bf1 Rae8 19. b4 Ne6 20. h4 Nd8 21. a4 Qd7 22.
Kh2 Nf8 23. b5 Nf7 24. bxc6 bxc6 25. Nb3 g5 26. Nb4 Nd8 27. Bg2 gxh4 28. gxh4
e4 29. f4 exf3 30. Bxf3 Qc7+ 31. Kh1 Re4 32. Rg1+ Kh8 33. Bxe4 Bxe4+ 34. Rg2
Ng6 35. Qe1 Nf4 36. exf4 Bxg2+ 37. Kxg2 Rxe1 38. Rxe1 Qb7 39. Re8+ Kg7 40. Rxd8
Qxb4 41. Rd7+ Kg6 42. Rxa7 Qxb3 43. a5 Kf5 44. a6 Kxf4 45. Rf7 Qa2+ 46. Kh3
Qa3+ 0-1

[Event "Lichtenrader Herbst 2014"]
[Site "Berlin-Lichtenrade"]
[Date "2014.10.21"]
[Round "4.10"]
[White "Sawlin, Leonid"]
[Black "Donath, Johann"]
[Result "1/2-1/2"]
[WhiteElo "2143"]
[BlackElo "1973"]
[PlyCount "98"]
[EventDate "2014.??.??"]

1. e4 e5 2. Nf3 Nc6 3. d4 exd4 4. Nxd4 Nf6 5. Nxc6 bxc6 6. e5 Qe7 7. Qe2 Nd5 8.
c4 Ba6 9. g3 g6 10. b3 Bg7 11. Bb2 O-O-O 12. Bg2 Rhe8 13. O-O Bxe5 14. Bxe5
Qxe5 15. Qxe5 Rxe5 16. cxd5 Bxf1 17. Kxf1 cxd5 18. Nc3 c6 19. Rd1 Kc7 20. Rd4
a5 21. Bf3 Rb8 22. Ra4 Ra8 23. Nd1 Ree8 24. Ne3 Reb8 25. Nc2 Re8 26. Rh4 h5 27.
Rf4 f5 28. h4 Kd6 29. Ra4 Ra7 30. Rd4 Rb7 31. Ra4 Ra7 32. Ne3 Rb8 33. Rd4 Rb4
34. Rd2 Rb8 35. Nc2 Re8 36. Ne1 Raa8 37. Nd3 Rab8 38. Bd1 Re7 39. Nf4 Rg7 40.
a3 Ke5 41. Ke2 Rgg8 42. Rd3 Rg7 43. Kd2 Rgg8 44. Kc3 Rg7 45. Rd4 Rgg8 46. Bf3
Rxb3+ 47. Kxb3 Kxd4 48. Kc2 a4 49. Kd2 Kc4 1/2-1/2

[Event "Lichtenrader Herbst 2014"]
[Site "Berlin-Lichtenrade"]
[Date "2014.10.21"]
[Round "4.11"]
[White "Brunner, Karl"]
[Black "Rietze, Clemens"]
[Result "0-1"]
[WhiteElo "1994"]
[BlackElo "2251"]
[PlyCount "52"]
[EventDate "2014.??.??"]

1. d4 Nf6 2. Nf3 g6 3. e3 Bg7 4. Bd3 d5 5. Nbd2 c5 6. b3 O-O 7. O-O b6 8. Bb2
Bb7 9. c4 cxd4 10. exd4 Nc6 11. Ne5 Nxd4 12. Bxd4 dxc4 13. Bxb6 Qd5 14. Qf3
cxd3 15. Qxd5 Nxd5 16. Bd4 Nf4 17. Bb2 Bxg2 18. Rfe1 Bh3 19. f3 Rac8 20. Ndc4
Rfd8 21. Re4 Ne2+ 22. Kf2 Bf5 23. Re3 Bh6 24. Rxe2 dxe2 25. Kxe2 f6 26. Ng4
Bxg4 0-1

[Event "Lichtenrader Herbst 2014"]
[Site "Berlin-Lichtenrade"]
[Date "2014.10.21"]
[Round "4.12"]
[White "Hoermann, David"]
[Black "Lagunow, Raphael"]
[Result "1/2-1/2"]
[WhiteElo "1973"]
[BlackElo "2205"]
[PlyCount "104"]
[EventDate "2014.??.??"]

1. e4 c5 2. Nf3 Nc6 3. d4 cxd4 4. Nxd4 g6 5. Nc3 Bg7 6. Be3 Nf6 7. Bc4 O-O 8.
Bb3 a5 9. f3 d5 10. exd5 Nb4 11. Ndb5 a4 12. Nxa4 Nfxd5 13. Bd4 Bf5 14. Bxg7
Bxc2 15. Qd2 Bxb3 16. axb3 Kxg7 17. O-O Nc6 18. Rfd1 e6 19. Rac1 Qa5 20. Nbc3
Nf6 21. Qe3 e5 22. Nb6 Rad8 23. Nc4 Qc7 24. Qc5 Qb8 25. Nb5 Nd7 26. Qe3 Nf6 27.
Ncd6 Nd4 28. Rxd4 exd4 29. Qxd4 Rfe8 30. Rc7 Re6 31. Rxf7+ Kg8 32. Rxf6 Rxf6
33. Qxf6 Rf8 34. Qe6+ Kg7 35. Qe7+ Kg8 36. Nc7 Qa7+ 37. Kf1 Qa1+ 38. Qe1 Qxe1+
39. Kxe1 Rd8 40. Ncb5 Rd7 41. Ke2 Kf8 42. Kd3 Ke7 43. Ke4 Ke6 44. f4 Re7 45. g4
Kf6+ 46. Kf3 Re1 47. Nxb7 Rf1+ 48. Kg3 Rg1+ 49. Kf3 Rf1+ 50. Ke4 Re1+ 51. Kf3
Rf1+ 52. Kg3 Rg1+ 1/2-1/2

[Event "Lichtenrader Herbst 2014"]
[Site "Berlin-Lichtenrade"]
[Date "2014.10.21"]
[Round "4.13"]
[White "Zahn, Benno"]
[Black "Schnabel, Ralf"]
[Result "1-0"]
[WhiteElo "2035"]
[BlackElo "2205"]
[PlyCount "87"]
[EventDate "2014.??.??"]

1. e4 c5 2. Nf3 Nc6 3. d4 cxd4 4. Nxd4 Nf6 5. Nc3 g6 6. Be3 Bg7 7. f3 O-O 8.
Bc4 d6 9. Qd2 Bd7 10. O-O-O Rc8 11. Bb3 Ne5 12. h4 Nc4 13. Bxc4 Rxc4 14. h5 Qa5
15. Kb1 Rfc8 16. hxg6 fxg6 17. g4 a6 18. Nb3 Qd8 19. e5 Nxg4 20. fxg4 Bxg4 21.
Qd5+ e6 22. Qxd6 Bxd1 23. Qxe6+ Kh8 24. Rxd1 Qe8 25. Qxe8+ Rxe8 26. e6 h5 27.
Nd4 Kg8 28. Nce2 Bf6 29. b3 Rc5 30. Nf4 Re5 31. Bc1 Re4 32. c3 Kh7 33. Kc2 h4
34. Kd3 Re5 35. Ba3 Ra5 36. Bb4 Rxa2 37. Re1 g5 38. Nd5 Rf2 39. Nc7 Rh8 40. e7
Bxe7 41. Bxe7 Kg6 42. Rg1 Rh5 43. Ke3 Rf7 44. Bd6 1-0

[Event "Lichtenrader Herbst 2014"]
[Site "Berlin-Lichtenrade"]
[Date "2014.10.21"]
[Round "4.14"]
[White "Kreutzkamp, Hans-Rudolf"]
[Black "Kunz, Andre"]
[Result "1/2-1/2"]
[WhiteElo "2195"]
[BlackElo "2011"]
[PlyCount "61"]
[EventDate "2014.??.??"]

1. e4 c6 2. d4 d5 3. e5 Bf5 4. Bd3 Bxd3 5. Qxd3 e6 6. Ne2 c5 7. dxc5 Bxc5 8.
Be3 Qb6 9. Bxc5 Qxc5 10. c3 Nc6 11. f4 Nge7 12. Nd2 b5 13. Nd4 Rb8 14. O-O b4
15. N2b3 Qb6 16. Kh1 O-O 17. Rae1 bxc3 18. bxc3 Nxd4 19. cxd4 Rfc8 20. Nc5 Qb5
21. Qxb5 Rxb5 22. Rb1 Rcb8 23. Rxb5 Rxb5 24. Nb3 Rb4 25. Kg1 Nf5 26. Rd1 h5 27.
Kf2 Rc4 28. Rd2 Kh7 29. g3 Kg6 30. Ke2 Rc3 31. Rd3 1/2-1/2

[Event "Lichtenrader Herbst 2014"]
[Site "Berlin-Lichtenrade"]
[Date "2014.10.21"]
[Round "4.15"]
[White "Dimitrijeski, Kristian"]
[Black "Sappok, Marius"]
[Result "0-1"]
[WhiteElo "2202"]
[BlackElo "2012"]
[PlyCount "86"]
[EventDate "2014.??.??"]

1. d4 Nf6 2. c4 g6 3. Nc3 d5 4. Nf3 Bg7 5. e3 O-O 6. b4 c6 7. Bb2 a5 8. b5 a4
9. bxc6 bxc6 10. a3 Qa5 11. Qd2 Ba6 12. Be2 Nbd7 13. c5 Bxe2 14. Nxe2 Ne4 15.
Qxa5 Rxa5 16. Bc3 Nxc3 17. Nxc3 Nxc5 18. Rb1 Nb3 19. O-O e6 20. Rb2 c5 21. Nxa4
c4 22. Nc3 Rxa3 23. Nb1 Ra1 24. Nbd2 Rxf1+ 25. Kxf1 Nxd2+ 26. Rxd2 Ra8 27. Rb2
Bf8 28. Ke2 Rc8 29. Ne5 Bd6 30. Rb7 c3 31. Rb1 c2 32. Rc1 Ba3 33. Kd2 Bxc1+ 34.
Kxc1 Ra8 35. Nd3 Kf8 36. Kxc2 Ke7 37. Kd2 f6 38. Ke2 Ra2+ 39. Kf3 Kd6 40. e4
dxe4+ 41. Kxe4 g5 42. g4 Ra1 43. Kf3 Rh1 0-1

[Event "Lichtenrader Herbst 2014"]
[Site "Berlin-Lichtenrade"]
[Date "2014.10.21"]
[Round "4.16"]
[White "Major, Vitalij"]
[Black "Sauermann, Andreas"]
[Result "1-0"]
[WhiteElo "2202"]
[BlackElo "1931"]
[PlyCount "111"]
[EventDate "2014.??.??"]

1. d4 d5 2. Nf3 Nf6 3. c4 c6 4. Nc3 e6 5. e3 Be7 6. Bd3 dxc4 7. Bxc4 b5 8. Bd3
Nbd7 9. O-O O-O 10. b3 Bb7 11. Bb2 a6 12. Rc1 c5 13. Bb1 cxd4 14. Nxd4 Rc8 15.
Qe2 Qb6 16. e4 b4 17. Na4 Qa7 18. Kh1 Rfd8 19. Rxc8 Rxc8 20. f4 Qa8 21. e5 Ne4
22. f5 exf5 23. Nxf5 Bf8 24. Re1 Ng5 25. Nd6 Bxd6 26. exd6 Ne6 27. Qg4 Ndf8 28.
Nb6 Qb8 29. Nxc8 Bxc8 30. Be5 Qb5 31. Qc4 Qb6 32. Qd3 a5 33. Qe3 Qd8 34. Rf1
Ng6 35. Bxg6 hxg6 36. Qf2 f6 37. Bg3 Bb7 38. Qe2 Kf7 39. Re1 Qd7 40. Qc4 g5 41.
h3 Bc8 42. Rc1 Bb7 43. Qg4 Bc6 44. Qc4 Bb7 45. Kh2 Kg6 46. Re1 Bc8 47. Qd5 f5
48. Be5 Qd8 49. d7 Bxd7 50. Rd1 Nf8 51. Qc5 Qa8 52. Qe7 f4 53. Qxg7+ Kf5 54.
Qf6+ Ke4 55. Rd4+ Ke3 56. Bxf4+ 1-0

[Event "Lichtenrader Herbst 2014"]
[Site "Berlin-Lichtenrade"]
[Date "2014.10.21"]
[Round "4.17"]
[White "Rogozenco, Teodora"]
[Black "Schmidek, Emil"]
[Result "0-1"]
[WhiteElo "1974"]
[BlackElo "2108"]
[PlyCount "84"]
[EventDate "2014.??.??"]

1. d4 Nf6 2. c4 g6 3. Nc3 d5 4. Nf3 Bg7 5. cxd5 Nxd5 6. e4 Nxc3 7. bxc3 c5 8.
Rb1 O-O 9. Be2 cxd4 10. cxd4 Qa5+ 11. Bd2 Qxa2 12. O-O b6 13. Qc1 Qe6 14. Bc4
Qxe4 15. Bxf7+ Rxf7 16. Qxc8+ Rf8 17. Qc4+ e6 18. Rb5 Qc6 19. Qb3 Na6 20. Rc1
Qd7 21. Ne5 Qxd4 22. Qxe6+ Kh8 23. Be3 Qa4 24. Rbb1 Qe8 25. Qxe8 Raxe8 26. Nc6
Rf7 27. Rc4 Rc8 28. Rbc1 Rcc7 29. Re4 Nc5 30. Bxc5 bxc5 31. Nd8 Rf8 32. Ne6 Re8
33. Rce1 Rce7 34. Nxc5 Rxe4 35. Nxe4 a5 36. Kf1 a4 37. Re3 Bd4 38. Ra3 Rxe4 39.
Rxa4 Rf4 40. f3 Be5 41. Ra5 Bc7 42. Ke2 Bxa5 0-1

[Event "Lichtenrader Herbst 2014"]
[Site "Berlin-Lichtenrade"]
[Date "2014.10.21"]
[Round "4.18"]
[White "Bolk, Matthias"]
[Black "Schmalzried, Volker"]
[Result "1/2-1/2"]
[WhiteElo "2095"]
[BlackElo "1897"]
[PlyCount "50"]
[EventDate "2014.??.??"]

1. e4 c5 2. Nc3 Nc6 3. f4 g6 4. Nf3 Bg7 5. Bb5 d6 6. O-O Nf6 7. d3 O-O 8. Bxc6
bxc6 9. Qe1 a5 10. Qh4 Bg4 11. Bd2 Bxf3 12. Rxf3 e6 13. g4 Nd7 14. g5 f5 15.
Qg3 c4 16. Kg2 cxd3 17. cxd3 d5 18. e5 Kf7 19. Na4 Qc7 20. d4 Nb6 21. Nc5 Nd7
22. Rc1 Nxc5 23. Rxc5 Rfc8 24. Qh4 a4 25. Rc1 Qb6 1/2-1/2

[Event "Lichtenrader Herbst 2014"]
[Site "Berlin-Lichtenrade"]
[Date "2014.10.21"]
[Round "4.19"]
[White "Flohr, Marcel"]
[Black "Gebigke, Martin"]
[Result "0-1"]
[WhiteElo "1932"]
[BlackElo "2162"]
[PlyCount "62"]
[EventDate "2014.??.??"]

1. d4 Nf6 2. Nf3 e6 3. e3 b6 4. b3 Bb7 5. Bb2 Be7 6. Bd3 c5 7. Nbd2 cxd4 8.
exd4 O-O 9. Qe2 Nc6 10. a3 Bd6 11. c4 Re8 12. Kf1 Bf8 13. h4 d5 14. g4 dxc4 15.
bxc4 Nxd4 16. Bxd4 e5 17. Rg1 exd4 18. Qd1 Qd6 19. g5 Ne4 20. h5 Qf4 21. Bxe4
Bxe4 22. Nxe4 Rxe4 23. Nd2 Re3 24. Rg4 Qf5 25. Kg2 Rd3 26. f3 Re8 27. g6 hxg6
28. hxg6 fxg6 29. Ra2 Ree3 30. Rg3 Bd6 31. Rh3 Qe6 0-1

[Event "Lichtenrader Herbst 2014"]
[Site "Berlin-Lichtenrade"]
[Date "2014.10.23"]
[Round "6.1"]
[White "Stopa, Jacek"]
[Black "Perunovic, Milos"]
[Result "0-1"]
[WhiteElo "2515"]
[BlackElo "2620"]
[PlyCount "78"]
[EventDate "2014.??.??"]

1. e4 c5 2. Nf3 Nc6 3. d4 cxd4 4. Nxd4 Qc7 5. Nc3 e6 6. f4 a6 7. Nxc6 Qxc6 8.
Bd3 b5 9. Qe2 Bb7 10. Bd2 Rc8 11. a3 h5 12. O-O-O b4 13. axb4 Bxb4 14. Kb1 Qb6
15. Be3 Qa5 16. Na2 Bc5 17. Bxc5 Qxc5 18. Rd2 Nf6 19. Rhd1 e5 20. Nc3 O-O 21.
Nd5 Bxd5 22. exd5 Rb8 23. b3 exf4 24. Qf2 Qa3 25. Qxf4 a5 26. Qd4 a4 27. Bc4
Rfc8 28. Rd3 d6 29. Rg3 Ng4 30. Re1 Re8 31. Qd2 Rxe1+ 32. Qxe1 Ne5 33. Qe4 g6
34. Qd4 Qb4 35. Rc3 axb3 36. Rxb3 Qe1+ 37. Ka2 Ra8+ 38. Ra3 Rxa3+ 39. Kxa3 Qe3+
0-1

[Event "Lichtenrader Herbst 2014"]
[Site "Berlin-Lichtenrade"]
[Date "2014.10.23"]
[Round "6.2"]
[White "Kurayan, Ruslan"]
[Black "Kalinitschew, Sergey"]
[Result "1/2-1/2"]
[WhiteElo "2404"]
[BlackElo "2389"]
[PlyCount "61"]
[EventDate "2014.??.??"]

1. e4 c5 2. Nf3 Nc6 3. d4 cxd4 4. Nxd4 g6 5. Nc3 Bg7 6. Be3 Nf6 7. Bc4 O-O 8.
Bb3 a5 9. f3 d5 10. exd5 Nb4 11. Nde2 a4 12. Nxa4 Nfxd5 13. Bd4 Bh6 14. a3 Nc6
15. Bb6 Nxb6 16. Qxd8 Rxd8 17. Nxb6 Ra6 18. Nd5 e6 19. Ndc3 Na5 20. Kf2 Rb6 21.
Rhd1 Bg5 22. Rxd8+ Bxd8 23. Rd1 Be7 24. Na4 Rc6 25. Rd3 b5 26. Nac3 Nxb3 27.
cxb3 b4 28. axb4 Bxb4 29. Na2 Ba5 30. b4 Bb6+ 31. Ke1 1/2-1/2

[Event "Lichtenrader Herbst 2014"]
[Site "Berlin-Lichtenrade"]
[Date "2014.10.23"]
[Round "6.3"]
[White "Lerch, Philipp"]
[Black "Meister, Jakob"]
[Result "0-1"]
[WhiteElo "2297"]
[BlackElo "2466"]
[PlyCount "98"]
[EventDate "2014.??.??"]

1. Nf3 d5 2. d4 Bf5 3. c4 e6 4. Nc3 c6 5. g3 Nf6 6. Qb3 Qb6 7. Bg2 Qxb3 8. axb3
Bc2 9. Nd2 Bb4 10. O-O O-O 11. Bf3 Nbd7 12. e3 Rfe8 13. Bd1 Bd3 14. Be2 Bxe2
15. Nxe2 e5 16. Nf3 exd4 17. Nexd4 a6 18. Bd2 Bxd2 19. Nxd2 Rad8 20. Rac1 Nc5
21. cxd5 Rxd5 22. Nc4 Nd3 23. Rcd1 Nb4 24. Nb6 Rdd8 25. Nf5 Ne4 26. Kg2 g6 27.
Nd4 c5 28. Nf3 Nd3 29. Na4 f5 30. Rb1 g5 31. Ne1 b5 32. Nxd3 bxa4 33. Rfd1 axb3
34. Rbc1 g4 35. Kf1 Rd6 36. Ke2 Red8 37. Rc4 Kg7 38. Ra4 h5 39. Rc4 Kh6 40.
Rcc1 Rd5 41. Rc4 Kg5 42. Rcc1 h4 43. Rc4 h3 44. Rcc1 Kf6 45. Rc4 R8d6 46. Ra4
Ke7 47. Rc4 Kd7 48. Rcc1 a5 49. Rc4 Kc6 0-1

[Event "Lichtenrader Herbst 2014"]
[Site "Berlin-Lichtenrade"]
[Date "2014.10.23"]
[Round "6.4"]
[White "Danin, Alexandre"]
[Black "Major, Vitalij"]
[Result "1-0"]
[WhiteElo "2564"]
[BlackElo "2202"]
[PlyCount "95"]
[EventDate "2014.??.??"]

1. e4 c5 2. Nf3 e6 3. d4 cxd4 4. Nxd4 a6 5. Be2 Nf6 6. Nc3 Qc7 7. O-O b5 8. Bf3
Bb7 9. e5 b4 10. exf6 bxc3 11. fxg7 Bxg7 12. Bxb7 cxb2 13. Bxb2 Qxb7 14. Rb1
Qd5 15. Nxe6 fxe6 16. Qxd5 exd5 17. Bxg7 Rg8 18. Ba1 Nc6 19. Rfd1 Rg5 20. Rb7
O-O-O 21. Rbb1 Re8 22. Rd2 Re4 23. a3 Ra4 24. Rf1 d4 25. f4 Rf5 26. g4 Rc5 27.
Bb2 Rb5 28. Bc1 Rc5 29. h3 Rac4 30. f5 Rxc2 31. f6 Nd8 32. Rxc2 Rxc2 33. Bf4 d3
34. Rd1 Rc3 35. Be5 Rc5 36. Bd4 Rd5 37. Rxd3 Nf7 38. Rc3+ Kb7 39. Be3 a5 40.
Kg2 a4 41. h4 Rb5 42. Bf4 d6 43. Re3 Rb2+ 44. Kf3 Rb3 45. g5 d5 46. Kg4 Rxe3
47. Bxe3 Kc6 48. h5 1-0

[Event "Lichtenrader Herbst 2014"]
[Site "Berlin-Lichtenrade"]
[Date "2014.10.23"]
[Round "6.5"]
[White "Milanovic, Danilo"]
[Black "Krefenstein, Sergej"]
[Result "1-0"]
[WhiteElo "2485"]
[BlackElo "2102"]
[PlyCount "89"]
[EventDate "2014.??.??"]

1. d4 d5 2. c4 c6 3. Nf3 Nf6 4. e3 Bf5 5. Nc3 e6 6. Nh4 Bg4 7. Qb3 Qc7 8. h3
Bh5 9. g4 Bg6 10. g5 dxc4 11. Bxc4 Nd5 12. Nxg6 hxg6 13. Bd2 Nd7 14. O-O-O Be7
15. f4 O-O-O 16. Kb1 N7b6 17. Be2 Nxc3+ 18. Qxc3 Nd5 19. Qc4 Kb8 20. Rc1 Rc8
21. Bf3 Rhd8 22. Rc2 Bd6 23. Rhc1 Rh8 24. Bg2 Qb6 25. Qa4 Bb4 26. Bxb4 Qxb4 27.
Qxb4 Nxb4 28. Re2 Nd5 29. a3 Rcd8 30. Kc2 Rh4 31. Kd3 Kc7 32. Ke4 Kd6 33. Kf3
f6 34. Kg3 fxg5 35. fxg5 Rdh8 36. Rh1 e5 37. dxe5+ Kxe5 38. Rf2 R4h5 39. h4 Ne7
40. e4 Ke6 41. Bh3+ Ke5 42. Rf7 Nc8 43. Bg4 R5h7 44. Rd1 Rxh4 45. Bxc8 1-0

[Event "Lichtenrader Herbst 2014"]
[Site "Berlin-Lichtenrade"]
[Date "2014.10.23"]
[Round "6.6"]
[White "Kovalev, Andrei"]
[Black "Pixa, Richard"]
[Result "1-0"]
[WhiteElo "2475"]
[BlackElo "1976"]
[PlyCount "123"]
[EventDate "2014.??.??"]

1. e4 e6 2. d3 d5 3. Qe2 Nf6 4. Nf3 dxe4 5. dxe4 b6 6. e5 Ba6 7. c4 Nfd7 8. Nc3
Nc6 9. Bf4 Qe7 10. a3 O-O-O 11. b4 Bb7 12. Qe3 h6 13. h4 f6 14. exf6 gxf6 15.
h5 e5 16. Bg3 Qf7 17. Nd5 f5 18. Bh4 Re8 19. O-O-O Bg7 20. Be2 e4 21. Ne1 Nce5
22. Qf4 b5 23. Nc2 Nd3+ 24. Bxd3 Be5 25. Qd2 exd3 26. Qxd3 bxc4 27. Qxc4 Kb8
28. Kb1 Rhg8 29. Nb6 Qxc4 30. Nxc4 Nb6 31. Nxe5 Rxe5 32. Bg3 Re4 33. Rhe1 f4
34. Rxe4 Bxe4 35. Bxf4 Rxg2 36. Bg3 Nc4 37. Kc1 Bxc2 38. Rd8+ Kb7 39. Kxc2 Ne3+
40. Kd3 Nf5 41. Rg8 Nxg3 42. fxg3 Ra2 43. Rg6 Rxa3+ 44. Kd4 Ra4 45. Rxh6 a5 46.
Rg6 Rxb4+ 47. Kc3 Rb5 48. h6 Rh5 49. Kc4 Kc8 50. g4 Rh4 51. Kb5 a4 52. Kxa4 Kd7
53. Kb5 Ke7 54. Kc6 Kf7 55. Rg7+ Kf8 56. g5 Rc4+ 57. Kd5 Rh4 58. Ke6 Ra4 59.
Kf5 Ra5+ 60. Kg6 c5 61. Rf7+ Ke8 62. h7 1-0

[Event "Lichtenrader Herbst 2014"]
[Site "Berlin-Lichtenrade"]
[Date "2014.10.23"]
[Round "6.7"]
[White "Figura, Atila Gajo"]
[Black "Donath, Johann"]
[Result "1-0"]
[WhiteElo "2372"]
[BlackElo "1973"]
[PlyCount "105"]
[EventDate "2014.??.??"]

1. Nf3 d5 2. g3 Nf6 3. Bg2 c6 4. c4 dxc4 5. O-O Nbd7 6. Qc2 e5 7. Qxc4 Bd6 8.
d3 O-O 9. Nbd2 h6 10. Qc2 Re8 11. b3 Nb6 12. Bb2 Qe7 13. Rfe1 Bg4 14. h3 Bxf3
15. Nxf3 Nbd5 16. e3 Nb4 17. Qe2 Nxd3 18. Qxd3 e4 19. Qc2 exf3 20. Bxf3 Be5 21.
Rad1 Bxb2 22. Qxb2 Qe5 23. Qxe5 Rxe5 24. Rd4 Rae8 25. Rb4 R5e7 26. Rd1 c5 27.
Rxb7 Rxb7 28. Bxb7 Rb8 29. Bf3 Kf8 30. Rc1 Rc8 31. Rc4 g6 32. Kf1 Ke7 33. Ke2
Nd7 34. g4 Ne5 35. Ra4 Rc7 36. Bd5 Kd6 37. Be4 Nd7 38. Ra6+ Ke5 39. Rc6 Rxc6
40. Bxc6 Nb6 41. Be8 Kf6 42. Kd3 g5 43. Ke4 a6 44. Bc6 Ke6 45. Bb7 a5 46. Ba6
a4 47. bxa4 Nxa4 48. Bc4+ Kd6 49. Bxf7 Nb2 50. Bb3 c4 51. Bc2 Kc5 52. f4 c3 53.
f5 1-0

[Event "Lichtenrader Herbst 2014"]
[Site "Berlin-Lichtenrade"]
[Date "2014.10.23"]
[Round "6.8"]
[White "Gebert-Vangeel, Ralf"]
[Black "Parligras, Cosmin"]
[Result "1-0"]
[WhiteElo "2023"]
[BlackElo "2261"]
[PlyCount "103"]
[EventDate "2014.??.??"]

1. e4 c5 2. Nf3 Nc6 3. Bb5 d6 4. O-O Bd7 5. Re1 a6 6. Bf1 Bg4 7. c3 Nf6 8. d3
e6 9. Bg5 Be7 10. Nbd2 h6 11. Be3 d5 12. Qc2 d4 13. Bf4 Nh5 14. Bg3 Nxg3 15.
fxg3 e5 16. a4 Be6 17. Be2 g5 18. Nc4 f6 19. Rf1 O-O 20. Nfd2 Kg7 21. a5 Rb8
22. g4 Bd6 23. Nxd6 Qxd6 24. c4 b6 25. axb6 Rxb6 26. b3 Qd7 27. Qd1 Rh8 28. Rf2
Qb7 29. Qf1 Rf8 30. Qd1 Bd7 31. Ra3 Rb8 32. Qf1 Ne7 33. Bd1 Rd6 34. Nb1 Rh8 35.
Qe1 Ra8 36. Qa5 Qb4 37. Qxb4 cxb4 38. Ra5 Bc8 39. Nd2 Nc6 40. Rd5 Rd8 41. Nf1
Be6 42. Rc5 Rd6 43. Ng3 Rf8 44. Ra2 Ra8 45. Bf3 Ra7 46. Ra4 Ne7 47. Rxb4 Bd7
48. Nf5+ Nxf5 49. exf5 a5 50. Rb7 Rxb7 51. Bxb7 Kf8 52. Rc7 1-0

[Event "Lichtenrader Herbst 2014"]
[Site "Berlin-Lichtenrade"]
[Date "2014.10.23"]
[Round "6.9"]
[White "Sawlin, Leonid"]
[Black "Noetzel, Felix"]
[Result "1/2-1/2"]
[WhiteElo "2143"]
[BlackElo "2092"]
[PlyCount "106"]
[EventDate "2014.??.??"]

1. e4 d5 2. exd5 Qxd5 3. Nc3 Qa5 4. d4 c6 5. Bc4 Bf5 6. Nf3 Nf6 7. Bd2 e6 8.
Qe2 Bb4 9. O-O-O Nbd7 10. a3 Bxc3 11. Bxc3 Qc7 12. Ne5 Nxe5 13. dxe5 Nd5 14.
Bd2 O-O-O 15. g4 Bg6 16. f4 h5 17. h3 hxg4 18. hxg4 Qb6 19. Rhf1 Qc5 20. Bb3
Rh3 21. Rf3 Rdh8 22. f5 exf5 23. gxf5 Rh2 24. Qc4 Qxc4 25. Bxc4 Bh5 26. Bxd5
cxd5 27. Rc3+ Kd7 28. Rg1 Rh4 29. e6+ fxe6 30. fxe6+ Kxe6 31. Rc7 Bf3 32. Rg6+
Kf5 33. Rg5+ Ke6 34. b3 d4 35. Rg6+ Kf5 36. Rgxg7 Bc6 37. Rcf7+ Ke6 38. Re7+
Kf5 39. Ref7+ Ke6 40. Bg5 Rh1+ 41. Kb2 Re8 42. Rf6+ Kd5 43. Rf5+ Re5 44. Rf4
Ree1 45. a4 Ra1 46. c4+ dxc3+ 47. Kxc3 Rac1+ 48. Kb4 Rce1 49. Rf3 Re4+ 50. Kc3
a6 51. Be3 Rh5 52. Bf4 Ke6 53. Bg5 Rc4+ 1/2-1/2